Justice in dismissal : (Record no. 5894)
[ view plain ]
| 000 -LEADER | |
|---|---|
| fixed length control field | 00522pam a2200157 a 4500 |
| 020 ## - INTERNATIONAL STANDARD BOOK NUMBER | |
| ISBN | 0198254350 |
| 050 00 - CALL NUMBER | |
| Classification number | KD3110 |
| Item number | .C69 |
| 100 1# - AUTHOR | |
| Personal name | Collins, Hugh, |
| 245 10 - TITLE | |
| Title | Justice in dismissal : |
| Remainder of title | the law of termination of employment / |
| Statement of responsibility, etc | Hugh Collins. |
| 260 ## - PUBLICATION INFORMATION | |
| Place of publication | Oxford : |
| Name of publisher | Clarendon Press ; |
| Place of publication | New York : |
| Name of publisher | Oxford University Press, |
| Year of publication | 1992. |
| 300 ## - DESCRIPTION | |
| Number of Pages | xxiv, 277 p. ; |
| Dimensions | 25 cm. |
| 440 #0 - SERIES | |
| SERIES | Oxford monographs on labour law |
| 500 ## - NOTES | |
| General note | Includes index |
| 650 #0 - SUBJECTS | |
| Topical Term | Employees |
| General subdivision | Dismissal of |
| -- | Law and legislation |
| 942 ## - ADDED ENTRY ELEMENTS (KOHA) | |
| Koha item type | Books |
| Withdrawn status | Lost status | Collection code | Home library | Current library | Shelving location | Date acquired | Full call number | Accession Number | Koha item type |
|---|---|---|---|---|---|---|---|---|---|
| Reference | Methodist University Law Library | Methodist University Law Library | General Stacks | 06/05/2019 | KD3110 .C69 | 7791 | Books |